| 000 | 00785nam0a2200265 4500 | ||
|---|---|---|---|
| 001 | RU\NLR\bibl\166096 | ||
| 005 | 20250618054953.0 | ||
| 035 | _a(NLR Aleph) 000162924 | ||
| 090 |
_a937433 _c937433 |
||
| 100 | _a20010627d1998 |||y0rusy50 ca | ||
| 101 | 0 | _arus | |
| 102 | _aRU | ||
| 105 | _ac ||||||||| | ||
| 200 | 1 |
_aКогда мир затопит луна _e[Стихи] _fЮлия Рейсс |
|
| 210 |
_aСПб. _cЧетверг _d1998 |
||
| 215 |
_a16 с. _cпортр. _d9 |
||
| 225 | 1 | _aМиниатюрная библиотека поэзии | |
| 686 | _aШ6(2=Р)75-5 | ||
| 700 | 1 |
_aРейсс _bЮ. _gЮлия _4070 |
|
| 801 | 0 |
_aRU _bNLR _c20010627 _gPSBO |
|
| 801 | 1 |
_aRU _bNLR _c20010627 |
|
| 942 | _cBOOK | ||
| 980 | _aNB | ||